| 000 | 00628nam a2200265Ia 4500 | ||
|---|---|---|---|
| 008 | 160803s9999 xx 000 0 und d | ||
| 020 | _a0 590307002 | ||
| 100 | _aWilhelm, Hans | ||
| 245 | _aDon't cut my hair! / | ||
| 245 | _cby Hans Wilhelm. | ||
| 260 | _aNew York : | ||
| 260 | _bScholastic Inc. | ||
| 260 | _c1997 | ||
| 300 | _a1 volume (unpaged) : | ||
| 300 | _bcolor illustrations ; | ||
| 300 | _c23 cm. | ||
| 440 | _aHello Reader ; | ||
| 440 | _vLevel 1. | ||
| 500 | _a"Cartwheel books." | ||
| 650 | _aDogs -- | ||
| 650 | _aHair -- | ||
| 650 | _xFiction. | ||
| 650 | _xFiction. | ||
| 700 | _aBR | ||
| 999 |
_c299242 _d299242 |
||